ALLE Bundesligisten mit 'B' - Statistiken

Allgemein
  • Dieses Quiz wurde 90 mal gespielt
  • Das Durchschnittsergebnis liegt bei 5 aus 9
Antwortstatistiken
(Ex) Bundesligist % Korrekt
VfL Bochum
73%
1. FC Union Berlin
70%
SV Werder Bremen
66%
Arminia Bielefeld
61%
Hertha BSC
58%
Eintracht Braunschweig
56%
Tasmania Berlin
39%
Blau-Weiß Berlin
30%
Tennis Borussia Berlin
29%
Keine übereinstimmenden Quizze gefunden
Verteilung der Resultate
Anzahl Personen mit jedem Resultat
Perzentil nach korrekt beantworteten Fragen
Ihre Resultats-Entwicklung
Sie haben dieses Quiz noch nicht gespielt